The complete works of Thomas Shadwell /

Bibliographic Details
Main Author: Shadwell, Thomas, 1642?-1692
Other Authors: Summers, Montague, 1880-1948
Format: Book
Language:English
Published: London : The Fortune press, 1927.

MARC

Tag First Indicator Second Indicator Subfields
LEADER 00000cam a2200000 4500
001 in00000031790
005 20151007063120.0
008 750221s1927 enkchj 00010 eng u
010 |a  28011850  
035 |a (OCoLC)01185312 
035 |9 AAD6598AM 
040 |c BOS  |d TXA  |d UtOrBLW 
049 |a TXAM  |v 1 [147036]  |v 2 [147037]  |v 3 [147038]  |v 4 [147039]  |v 5 [147040] 
050 0 |a PR3671.S8  |b A18 
092 |a 820  |b S524 
100 1 |a Shadwell, Thomas,  |d 1642?-1692. 
245 1 4 |a The complete works of Thomas Shadwell /  |c ed. by Montague Summers ... 
264 1 |a London :  |b The Fortune press,  |c 1927. 
300 |a 5 volumes :  |b frontispiece (volumes 1: portrait) facsimiles (part folded) genealogical tables ;  |c 27 cm. 
336 |a text  |b txt  |2 rdacontent 
337 |a unmediated  |b n  |2 rdamedia 
338 |a volume  |b nc  |2 rdacarrier 
500 |a "This edition printed by the Whitefriars press is limited to 90 sets of five volumes on Kelmscott unbleached hand-made paper (numbered 1-90), and 1200 sets on machine-made paper (numbered 91-1290). This is number 284." 
500 |a Frontispieces to volumes 2-4 are in two states, one colored. 
505 0 |a v. 1. Prefatory note. The text. Introduction. Chronology. Genealogical table. A sermon. The sullen lovers. The royal shepherdesse. The humorists.--v. 2. The miser. Epsom-Wells. The tempest. Psyche.--v. 3. The libertine. The virtuoso. Timon of Athens. A true widow.--v. 4. The woman-captain. The Lancashire witches. The squire of Alsatia. Bury-Fair.--v. 5. The amorous bigotte. The scowrers. The volunteers. Poems, etc. Letters. 
700 1 |a Summers, Montague,  |d 1880-1948. 
999 |a MARS 
999 f f |s 843f600b-d851-3f4a-8841-4bad2a639060  |i c656b4fd-2b6a-328b-8bea-0af41683eff2  |t 0 
952 f f |p normal  |a Texas A&M University  |b College Station  |c Sterling C. Evans Library  |d Evans: Library Stacks  |t 0  |e PR3671.S8 A18  |h Library of Congress classification  |i unmediated -- volume  |k v.2  |m A14801266931 
952 f f |p normal  |a Texas A&M University  |b College Station  |c Sterling C. Evans Library  |d Evans: Library Stacks  |t 0  |e PR3671.S8 A18  |h Library of Congress classification  |i unmediated -- volume  |k v.4  |m A14801266957 
952 f f |p normal  |a Texas A&M University  |b College Station  |c Sterling C. Evans Library  |d Evans: Library Stacks  |t 0  |e PR3671.S8 A18  |h Library of Congress classification  |i unmediated -- volume  |k v.5  |m A14801266965 
952 f f |p normal  |a Texas A&M University  |b College Station  |c Sterling C. Evans Library  |d Evans: Library Stacks  |t 0  |e PR3671.S8 A18  |h Library of Congress classification  |i unmediated -- volume  |k v.1  |m A14801266923 
952 f f |p normal  |a Texas A&M University  |b College Station  |c Sterling C. Evans Library  |d Evans: Library Stacks  |t 0  |e PR3671.S8 A18  |h Library of Congress classification  |i unmediated -- volume  |k v.3  |m A14801266949 
998 f f |a PR3671.S8 A18  |s v.1-v.5  |t 0  |l Evans: Library Stacks